Normal view
MARC view
- A Biography OF The English Language-English Language
Entry Topical Term
001 - CONTROL NUMBER
- control field: 2488
003 - CONTROL NUMBER IDENTIFIER
- control field: JO-AjAnu
005 - DATE AND TIME OF LATEST TRANSACTION
- control field: 20230606070718.0
008 - FIXED-LENGTH DATA ELEMENTS
- fixed length control field: 230606|| aca||aabn | a|a d
040 ## - CATALOGING SOURCE
- Original cataloging agency: JO-AjAnu
- Transcribing agency: JO-AjAnu
150 ## - HEADING--TOPICAL TERM
- Topical term or geographic name entry element: A Biography OF The English Language-English Language
670 ## - SOURCE DATA FOUND
- Source citation: Work cat.: (JO-AjAnu)1302: C.M.Millward تأليف/Hayes,Mary م.مشارك, author 2487, A Biography OF The English Language